[Event "28. Friedensfest-Open (AFRO-A)"]
[Site "Augsburg"]
[Date "2023.08.03"]
[Round "2.14"]
[White "Kelemen, Alexander"]
[Black "Kraemer, Max"]
[Result "0-1"]
[WhiteElo "1822"]
[BlackElo "2044"]
[EventDate "2023.08.03"]
[Time "15:30:00"]
[WhiteTeam "SC Bad Salzdetfurth"]
[BlackTeam "SK Caissa Augsburg"]

1.e4 e5 2.Nf3 Nc6 3.Nc3 Nf6 4.Bb5 a6 5.Bxc6 dxc6 6.Nxe5 Nxe4 7.Nxe4 Qd4 8.
O-O Qxe5 9.Re1 Be6 10.d4 Qd5 11.Ng5 O-O-O 12.Nxe6 fxe6 13.c3 Bd6 14.Qg4 
Qf5 15.Qe4 Rde8 16.Bd2 Rhf8 17.Qxf5 exf5 18.Rxe8+ Rxe8 19.Re1 Rxe1+ 20.
Bxe1 Kd7 21.f3 c5 22.dxc5 Bxc5+ 23.Kf1 b5 24.Ke2 Bg1 25.h3 c5 26.Bd2 c4 
27.Be3 Bh2 28.f4 Bg3 29.Kf3 Bh4 30.g4 Ke6 31.Bd4 g6 32.g5 Kd5 33.Bb6 b4 
34.Bd4 a5 35.Be5 Bxg5 36.Bd4 Be7 37.Ke3 a4 38.cxb4 Bxb4 39.Bf6 Bc5+ 40.Kf3
Bd4 0-1

[Event "28. Friedensfest-Open (AFRO-A)"]
[Site "Augsburg"]
[Date "2023.08.04"]
[Round "3.37"]
[White "Schrimpf Michael"]
[Black "Adlkofer, Josef"]
[Result "1-0"]
[WhiteElo "1782"]
[BlackElo "1400"]
[EventDate "2023.08.03"]
[Time "09:30:00"]
[WhiteTeam "KJSV Wien"]
[BlackTeam "TSV Steppach, Abt. Schach"]

1.e4 e5 2.Nf3 Nf6 3.Bc4 d6 4.Ng5 d5 5.exd5 Nxd5 6.d4 Be7 7.Nxf7 Kxf7 8.
Qf3+ Ke6 9.O-O c6 10.Re1 Bf6 11.Bf4 Nd7 12.Nc3 Nb6 13.Bb3 g5 14.Bxe5 Bxe5 
15.Rxe5+ Kd6 16.Bxd5 cxd5 17.Nxd5 Nc4 18.Re7 Rf8 19.Qe4 Bf5 20.Qe2 Kxd5 
21.b3 Kd6 22.Re1 Nb6 23.Qe5+ Kc6 24.Qc5# 1-0

[Event "28. Friedensfest-Open (AFRO-A)"]
[Site "Augsburg"]
[Date "2023.08.03"]
[Round "1.29"]
[White "Stumpf, Vitali"]
[Black "Waibel, Manuel"]
[Result "0-1"]
[WhiteElo "1665"]
[BlackElo "1815"]
[EventDate "2023.08.03"]
[Time "09:30:00"]
[WhiteTeam "?"]
[BlackTeam "Schachges. Augsburg 1873"]

1.e4 e5 2.Nf3 Nf6 3.d4 Nxe4 4.Qe2 d5 5.Nxe5 Be7 6.c4 Be6 7.cxd5 Bxd5 8.
Qb5+ Nc6 9.Nc3 Nxc3 10.bxc3 a6 11.Qa4 b5 12.Bxb5 axb5 13.Qxb5 Rb8 14.Nxc6 
Rxb5 15.Nxd8 Kxd8 16.O-O Re8 17.Bf4 Bd6 18.a4 Ra5 19.Bxd6 cxd6 20.Rfb1 Kc7
21.f3 Rea8 22.Rb4 Rb8 23.Kf2 Rxb4 24.cxb4 Ra7 25.a5 Kc6 26.Ke3 Kb5 27.Rb1 
Rc7 28.Rb2 Rc4 0-1

[Event "28. Friedensfest-Open (AFRO-A)"]
[Site "Augsburg"]
[Date "2023.08.05"]
[Round "6.35"]
[White "Merz, Andreas"]
[Black "Sieber, Heiko"]
[Result "0-1"]
[WhiteElo "1770"]
[BlackElo "1982"]
[EventDate "2023.08.03"]
[Time "15:30:00"]
[WhiteTeam "SC 74 Treuchtlingen"]
[BlackTeam "PTSV SK Hof 1892"]

1.e4 e5 2.Nf3 Nf6 3.Bc4 Nc6 4.Ng5 d5 5.exd5 Na5 6.Bb5+ Bd7 7.Qe2 Bd6 8.Nc3
a6 9.Bxd7+ Qxd7 10.O-O O-O 11.Nge4 Nxe4 12.Nxe4 b5 13.d3 Be7 14.c4 f5 15.
Nd2 Bd6 16.b3 c6 17.dxc6 Nxc6 18.Bb2 Rad8 19.Nf3 Rfe8 20.a4 b4 21.Rad1 Bc5
22.Rfe1 Re7 23.Bxe5 Nxe5 24.Nxe5 Qd4 25.Kh1 Rde8 26.Qe3 Rxe5 27.Qd2 Qxf2 
28.Rxe5 Rxe5 29.Qxf2 Bxf2 30.g4 fxg4 31.Kg2 Re1 32.Rd2 Be3 33.Rc2 Rg1# 0-1

[Event "28. Friedensfest-Open (AFRO-A)"]
[Site "Augsburg"]
[Date "2023.08.06"]
[Round "7.7"]
[White "Braun, Kristin"]
[Black "Foerch, Benedikt"]
[Result "0-1"]
[WhiteElo "1868"]
[BlackElo "2122"]
[EventDate "2023.08.03"]
[Time "09:30:00"]
[WhiteTeam "SC JAEKLECHEMIE Talente Franken"]
[BlackTeam "SK Neuburg"]

1.e4 e5 2.Nf3 Nf6 3.Nc3 Bb4 4.Bc4 O-O 5.d3 d5 6.exd5 Nxd5 7.Bd2 Nxc3 8.
bxc3 Bd6 9.O-O Bg4 10.h3 Bh5 11.Qe2 Nc6 12.a4 Kh8 13.g4 Bg6 14.Ng5 Qd7 15.
f4 exf4 16.Bxf4 Rae8 17.Qf2 f6 18.Bxd6 Qxd6 19.Nf3 Ne5 20.Bb3 Nxf3+ 21.
Qxf3 Re7 22.Rae1 Rfe8 23.Qf2 b6 24.h4 h5 25.Rxe7 Qxe7 26.gxh5 Bxh5 27.Qf5 
Qe5 28.Qxe5 Rxe5 29.Rf4 Kh7 30.Rc4 Re7 31.a5 Bf7 32.axb6 Bxc4 33.b7 Re8 
34.Bxc4 a5 35.Bb5 Rb8 36.Bc6 Kg6 37.Kg2 Kf5 38.Kf3 Ke5 39.d4+ Kd6 40.d5 
Rxb7 41.Bxb7 a4 42.Ba6 Kc5 43.d6 cxd6 44.Bc8 a3 45.Be6 d5 0-1

[Event "28. Friedensfest-Open (AFRO-A)"]
[Site "Augsburg"]
[Date "2023.08.03"]
[Round "2.19"]
[White "Doll, Luca Fabio"]
[Black "Sieber, Heiko"]
[Result "1/2-1/2"]
[WhiteElo "1757"]
[BlackElo "1982"]
[EventDate "2023.08.03"]
[Time "15:30:00"]
[WhiteTeam "TSV Langenau"]
[BlackTeam "PTSV SK Hof 1892"]

1.e4 e5 2.Nf3 Nf6 3.d4 Nxe4 4.Bd3 d5 5.Nxe5 Bd6 6.O-O O-O 7.Bxe4 dxe4 8.
Nc4 Nc6 9.Nxd6 cxd6 10.d5 Ne5 11.Qd4 f5 12.Nd2 Qf6 13.Kh1 Bd7 14.b3 b6 15.
f3 exf3 16.Nxf3 Nxf3 17.Qxf6 Rxf6 18.Rxf3 Re8 19.Be3 Re4 20.Re1 f4 21.Bd2 
Rxe1+ 22.Bxe1 Bf5 23.c4 Be4 24.Rf2 f3 25.gxf3 Rxf3 26.Rxf3 Bxf3+ 27.Kg1 
Kf7 28.Bf2 Be2 29.Bd4 Bd3 30.a3 g5 31.Kf2 h5 32.Ke3 Bf1 33.Kf2 Bd3 34.Ke3 
Bc2 35.b4 Bb3 36.c5 Bxd5 37.cxb6 a6 38.a4 Ke6 39.a5 Bb7 40.Bg7 Kd5 41.Kd3 
g4 42.Bf6 Bc8 43.Be7 Kc6 44.Kc4 Be6+ 45.Kd4 Bc8 46.Kc3 Bb7 47.Kd4 Kb5 48.
Kc3 Ba8 1/2-1/2

[Event "28. Friedensfest-Open (AFRO-A)"]
[Site "Augsburg"]
[Date "2023.08.04"]
[Round "4.33"]
[White "Kuehn, Marvin"]
[Black "Sieber, Heiko"]
[Result "1-0"]
[WhiteElo "1669"]
[BlackElo "1982"]
[EventDate "2023.08.03"]
[Time "15:30:00"]
[WhiteTeam "SK Graefelfing"]
[BlackTeam "PTSV SK Hof 1892"]

1.e4 e5 2.Nf3 Nf6 3.Nxe5 d6 4.Nxf7 Kxf7 5.Nc3 c5 6.d4 cxd4 7.Bc4+ Be6 8.
Bxe6+ Kxe6 9.Qxd4 Nc6 10.Qc4+ Kd7 11.Bf4 Qa5 12.O-O-O Nd8 13.e5 Rc8 14.Qd3
Ne8 15.Qf5+ Ne6 16.Qf7+ Kd8 17.Qxe6 Rxc3 18.bxc3 Be7 19.exd6 Bf6 20.d7 Nc7
21.Bxc7+ Kxc7 22.Qc4+ Kb8 23.Rhe1 Rd8 24.Re8 a6 25.Qc8+ Ka7 26.Rxd8 Bxd8 
27.Rd4 Qa3+ 28.Kb1 Qa5 29.Rb4 b5 30.Re4 Bf6 31.Re8 1-0

[Event "28. Friedensfest-Open (AFRO-A)"]
[Site "Augsburg"]
[Date "2023.08.03"]
[Round "1.40"]
[White "Holuba, Stefan"]
[Black "Adlkofer, Josef"]
[Result "1-0"]
[WhiteElo "1757"]
[BlackElo "1400"]
[EventDate "2023.08.03"]
[Time "09:30:00"]
[WhiteTeam "SK Caissa Augsburg"]
[BlackTeam "TSV Steppach, Abt. Schach"]

1.e4 e5 2.Nf3 Nf6 3.Nxe5 d6 4.Nxf7 Kxf7 5.d4 g6 6.Bd3 c6 7.O-O b6 8.Qe2 
Bg7 9.Bg5 Re8 10.f4 Kg8 11.c3 Qc7 12.e5 dxe5 13.fxe5 Bg4 14.Qc2 Nd5 15.Nd2
Nd7 16.Ne4 Bf5 17.Rxf5 gxf5 18.Nd6 Rf8 19.Bxf5 Rxf5 20.Qxf5 Rf8 21.Qe6+ 
Kh8 22.Nf7+ Rxf7 23.Qxf7 Nf8 24.Qe8 h6 25.Qh5 Kh7 26.Rf1 Ng6 27.e6 Ndf4 
28.Bxf4 Nxf4 29.Qf5+ Ng6 30.h4 h5 31.Qxh5+ 1-0

[Event "28. Friedensfest-Open (AFRO-A)"]
[Site "Augsburg"]
[Date "2023.08.04"]
[Round "3.5"]
[White "Zill, Christoph"]
[Black "Baur, Volker, Dr."]
[Result "1/2-1/2"]
[WhiteElo "2183"]
[BlackElo "1883"]
[EventDate "2023.08.03"]
[Time "09:30:00"]
[WhiteTeam "SK Freising"]
[BlackTeam "SF Mengen"]

1.e4 e5 2.Nf3 Nf6 3.Nxe5 d6 4.Nf3 Nxe4 5.Nc3 Nxc3 6.dxc3 Be7 7.Bf4 O-O 8.
Qd2 Nd7 9.O-O-O Nc5 10.h3 Re8 11.Bd3 Nxd3+ 12.Qxd3 Qd7 13.Kb1 Qf5 14.Qd2 
Be6 15.Rhe1 Qa5 16.a3 Bf8 17.g4 Qb5 18.Ng5 a5 19.Nxe6 Rxe6 20.Qd3 Qxd3 21.
cxd3 Rae8 22.Rxe6 Rxe6 23.Be3 d5 24.a4 c5 25.Kc2 Bd6 26.Kd2 f5 27.f3 Kf7 
28.Re1 g6 29.Bg5 Rxe1 30.Kxe1 Bc7 31.gxf5 gxf5 32.Ke2 c4 33.dxc4 dxc4 34.
Be3 Ke6 35.Bd4 Kd5 36.Ke3 Bd8 37.Kf4 Ke6 38.Be3 Kf6 39.Bc5 Bc7+ 40.Ke3 Ke5
41.Bd4+ 1/2-1/2

[Event "28. Friedensfest-Open (AFRO-A)"]
[Site "Augsburg"]
[Date "2023.08.04"]
[Round "3.6"]
[White "Struck, Christian"]
[Black "Soergel, Thomas"]
[Result "1/2-1/2"]
[WhiteElo "1915"]
[BlackElo "2019"]
[EventDate "2023.08.03"]
[Time "09:30:00"]
[WhiteTeam "Schachfreunde Augsburg"]
[BlackTeam "SK Graefelfing"]

1.e4 e6 2.Nf3 c5 3.b3 Nf6 4.e5 Nd5 5.c4 Ne7 6.Bb2 Nbc6 7.h4 Nf5 8.Bd3 Nfd4
9.Nxd4 cxd4 10.Be4 d5 11.exd6 Qxd6 12.Ba3 Qe5 13.Qe2 Bd6 14.Bxc6+ bxc6 15.
Qxe5 Bxe5 16.d3 Bc7 17.Nd2 f6 18.Ne4 Kf7 19.Nd6+ Bxd6 20.Bxd6 e5 21.Kd2 
Bf5 22.f3 h5 23.Rae1 Rhe8 24.Bc5 a6 1/2-1/2

[Event "28. Friedensfest-Open (AFRO-A)"]
[Site "Augsburg"]
[Date "2023.08.06"]
[Round "7.21"]
[White "Schrimpf Michael"]
[Black "Birth, Waldemar"]
[Result "0-1"]
[WhiteElo "1782"]
[BlackElo "1937"]
[EventDate "2023.08.03"]
[Time "09:30:00"]
[WhiteTeam "KJSV Wien"]
[BlackTeam "Schachklub Rochade Augsburg"]

1.e4 e6 2.b3 d5 3.Bb2 dxe4 4.Nc3 Nf6 5.Qe2 Be7 6.Nxe4 O-O 7.O-O-O a5 8.Nc3
c6 9.g4 Nbd7 10.g5 Nd5 11.h4 b5 12.Qe4 Re8 13.Bd3 Nf8 14.Nxd5 Qxd5 15.Nh3 
a4 16.Qxd5 exd5 17.f4 axb3 18.axb3 f5 19.Rde1 Bd7 20.Re2 c5 21.Rhe1 Kf7 
22.Re5 Ng6 23.Rxd5 Be6 24.Rxe6 Kxe6 25.Rxf5 Bf8 26.h5 Kd6 27.Be5+ Nxe5 28.
fxe5+ Rxe5 29.Rxe5 Kxe5 30.Bxh7 Ra1+ 31.Kb2 Rh1 32.Nf2 Rxh5 33.Nd3+ Kd6 
34.g6 Rh2 35.Bg8 Rxd2 36.Bf7 Be7 37.Kc1 Bg5 38.Nb2 Ke5 39.Kb1 Bf6 40.Be8 
Rg2 41.Nd3+ Kd6 42.Nb2 Bxb2 43.Kxb2 b4 44.Bf7 Ke5 45.Kc1 Kd4 46.Kb2 Ke3 
47.Be8 Kd2 48.Bf7 Kd1 49.Be8 Rxc2+ 50.Kb1 Rg2 51.Bf7 Kd2 52.Be8 Kc3 53.Bf7
Rb2+ 0-1

[Event "28. Friedensfest-Open (AFRO-A)"]
[Site "Augsburg"]
[Date "2023.08.05"]
[Round "5.26"]
[White "Schrimpf Michael"]
[Black "Hofbauer, Bernhard"]
[Result "0-1"]
[WhiteElo "1782"]
[BlackElo "1954"]
[EventDate "2023.08.03"]
[Time "09:30:00"]
[WhiteTeam "KJSV Wien"]
[BlackTeam "SK Tarrasch 1945 Muenchen"]

1.e4 e6 2.b3 d5 3.Bb2 Nc6 4.e5 b6 5.d4 Bb7 6.Nf3 Nh6 7.Be2 Be7 8.O-O Qd7 
9.Nbd2 Nf5 10.Re1 g5 11.Nf1 h5 12.c3 O-O-O 13.b4 Rdg8 14.a4 a5 15.bxa5 
Nxa5 16.Bb5 Bc6 17.Qe2 Bxb5 18.Qxb5 Qxb5 19.axb5 Nc4 20.Ra2 Kb7 21.Rea1 
Ra8 22.Rxa8 Rxa8 23.Rxa8 Kxa8 24.Bc1 g4 25.Ng5 Bxg5 26.Bxg5 Na3 27.Ne3 
Nxe3 28.Bxe3 Nxb5 29.Bd2 Kb7 30.f3 gxf3 31.gxf3 c5 32.dxc5 bxc5 33.Kf2 d4 
34.cxd4 Nxd4 35.Kg3 Kc6 36.f4 Kd5 37.Be1 Ke4 38.Bd2 c4 39.h3 c3 40.Bxc3 
Ne2+ 41.Kh4 Nxc3 42.Kxh5 Kxf4 43.h4 Kg3 44.Kg5 Ne4+ 45.Kh5 Kh3 46.Kh6 Kxh4
47.Kg7 Kg5 48.Kxf7 Kf5 0-1

[Event "28. Friedensfest-Open (AFRO-A)"]
[Site "Augsburg"]
[Date "2023.08.05"]
[Round "6.37"]
[White "Wagner, Cosima Thien-An"]
[Black "Ganslmayer, Anton, Dr."]
[Result "1/2-1/2"]
[WhiteElo "1537"]
[BlackElo "1856"]
[EventDate "2023.08.03"]
[Time "15:30:00"]
[WhiteTeam "TV Tegernsee"]
[BlackTeam "SV Jedesheim 1921"]

1.e4 e6 2.d4 d5 3.exd5 exd5 4.Bd3 Bd6 5.Nf3 Ne7 6.O-O Nbc6 7.c3 O-O 8.h3 
Bf5 9.Bg5 f6 10.Be3 Bxd3 11.Qxd3 Ng6 12.Qb5 Rb8 13.Qxd5+ Kh8 14.Qb3 Nce7 
15.Nbd2 c6 16.Ne4 Nd5 17.Nxd6 Qxd6 18.Rfe1 Rfe8 19.Bd2 Qd7 20.c4 Ndf4 21.
Be3 b6 22.Rad1 Qf5 23.Bxf4 Nxf4 24.Kf1 g5 25.Nh2 Rxe1+ 26.Rxe1 Rd8 27.Qe3 
Qd3+ 28.Qxd3 Nxd3 29.Re2 Rxd4 30.Rd2 Kg7 31.Nf3 Rd7 32.Ne1 1/2-1/2

[Event "28. Friedensfest-Open (AFRO-A)"]
[Site "Augsburg"]
[Date "2023.08.06"]
[Round "7.20"]
[White "Krien, Hartmut"]
[Black "Glaab, Nikolai"]
[Result "0-1"]
[WhiteElo "1948"]
[BlackElo "1793"]
[EventDate "2023.08.03"]
[Time "09:30:00"]
[WhiteTeam "Schachklub Heidenau"]
[BlackTeam "SK Koenigsbrunn"]

1.e4 e6 2.d4 d5 3.e5 c5 4.c3 Nc6 5.Nf3 Qb6 6.a3 c4 7.Nbd2 Na5 8.b4 cxb3 9.
Rb1 Bd7 10.c4 Ne7 11.Bb2 Rc8 12.Rc1 g6 13.Ng5 h6 14.Nh3 Bg7 15.Qg4 O-O 16.
Bd3 Nxc4 17.Nxc4 dxc4 18.Bxc4 Bb5 19.Bxb3 Qa5+ 20.Kd1 Ba4 21.Bc2 Rxc2 0-1

[Event "28. Friedensfest-Open (AFRO-A)"]
[Site "Augsburg"]
[Date "2023.08.04"]
[Round "3.26"]
[White "Krien, Hartmut"]
[Black "Brand, Leonhard"]
[Result "1-0"]
[WhiteElo "1948"]
[BlackElo "1781"]
[EventDate "2023.08.03"]
[Time "09:30:00"]
[WhiteTeam "Schachklub Heidenau"]
[BlackTeam "SK Freising"]

1.e4 e6 2.d4 d5 3.e5 c5 4.c3 Nc6 5.Nf3 Qb6 6.a3 c4 7.Nbd2 Na5 8.b4 cxb3 9.
Rb1 Bd7 10.c4 Ba4 11.Bb2 Ne7 12.Ng5 h6 13.Qh5 g6 14.Qh3 Bg7 15.Ngf3 dxc4 
16.Nxc4 Nxc4 17.Bxc4 Bb5 18.Nd2 Rc8 19.Rc1 O-O 20.Qxb3 Bxc4 21.Qxb6 axb6 
22.Nxc4 Nf5 23.g4 b5 24.gxf5 Rxc4 25.Rxc4 bxc4 26.f6 Bh8 27.Kd2 b5 28.Bc3 
Rd8 29.Rb1 Rd5 30.Ke3 g5 31.Bb4 Kh7 32.Bc5 Bxf6 33.exf6 Kg6 34.Rxb5 Kf5 
35.a4 h5 36.Bd6 1-0

[Event "28. Friedensfest-Open (AFRO-A)"]
[Site "Augsburg"]
[Date "2023.08.03"]
[Round "1.35"]
[White "Blodig, Vincent"]
[Black "Brand, Leonhard"]
[Result "1-0"]
[WhiteElo "1542"]
[BlackElo "1781"]
[EventDate "2023.08.03"]
[Time "09:30:00"]
[WhiteTeam "Schachfreunde Augsburg"]
[BlackTeam "SK Freising"]

1.e4 e6 2.d4 d5 3.e5 c5 4.c3 Nc6 5.Nf3 Qb6 6.a3 c4 7.h4 Na5 8.Nbd2 Bd7 9.
h5 h6 10.g3 Ne7 11.Bg2 Qc7 12.O-O Nc8 13.Nh4 Nb6 14.f4 Be7 15.Qg4 Rg8 16.
Rf2 O-O-O 17.Nf1 g6 18.hxg6 Bxh4 19.Qxh4 Rxg6 20.Bh3 Rdg8 21.f5 exf5 22.
Bxf5 Bxf5 23.Rxf5 Nb3 24.Rb1 Qd7 25.Rf6 Nxc1 26.Rxc1 Rxf6 27.Qxf6 Qe6 28.
Qxe6+ fxe6 29.Rc2 Na4 30.Rf2 Rg6 31.Kh2 Kd7 32.Ne3 Ke7 33.Ng2 Rg5 34.Nf4 
a5 35.Kg2 b5 36.Kf3 Rg7 37.Rh2 Kd7 38.Rxh6 Nxb2 39.Rxe6 Nd1 40.Rd6+ Ke8 
41.Nxd5 Nxc3 42.Nxc3 b4 43.axb4 axb4 44.Rc6 bxc3 45.Rxc4 Rd7 46.Ke4 1-0

[Event "28. Friedensfest-Open (AFRO-A)"]
[Site "Augsburg"]
[Date "2023.08.03"]
[Round "2.29"]
[White "Fischermann, Simon"]
[Black "Ganslmayer, Anton, Dr."]
[Result "0-1"]
[WhiteElo "1598"]
[BlackElo "1856"]
[EventDate "2023.08.03"]
[Time "15:30:00"]
[WhiteTeam "Schachgemeinschaft Porz e. V."]
[BlackTeam "SV Jedesheim 1921"]

1.e4 e6 2.d4 d5 3.Nc3 Bb4 4.e5 c5 5.a3 Ba5 6.Bb5+ Bd7 7.Bxd7+ Qxd7 8.Nf3 
Nc6 9.Bf4 cxd4 10.Nxd4 Nge7 11.Bg3 Nxd4 12.Qxd4 Nf5 13.Qd3 Bxc3+ 14.Qxc3 
O-O 15.Qd3 Rac8 16.O-O Qc7 17.Qb3 b6 18.c3 Nxg3 19.fxg3 Qxe5 20.Rae1 Qc7 
21.Rf4 Qc5+ 22.Kh1 b5 23.Qc2 Qd6 24.Rh4 h6 25.Qe2 Rc4 26.Rh3 Re4 27.Qd2 
Qe5 28.Rxe4 Qxe4 29.Rh4 Qb1+ 0-1

[Event "28. Friedensfest-Open (AFRO-A)"]
[Site "Augsburg"]
[Date "2023.08.03"]
[Round "2.25"]
[White "Lachmayer, Manfred"]
[Black "Buth, Phillip"]
[Result "0-1"]
[WhiteElo "1920"]
[BlackElo "1669"]
[EventDate "2023.08.03"]
[Time "15:30:00"]
[WhiteTeam "TSV Langenau"]
[BlackTeam "SV Weingarten"]

1.e4 e6 2.d4 d5 3.Nc3 Bb4 4.e5 c5 5.Bb5+ Nc6 6.Qg4 Ne7 7.Bg5 Bxc3+ 8.bxc3 
Qa5 9.Bxc6+ bxc6 10.Bd2 O-O 11.Ne2 Qa4 12.Rc1 Ba6 13.Ng3 f5 14.exf6 Rxf6 
15.Bg5 Rg6 16.Qh5 Nf5 17.Nxf5 exf5 18.Be3 Rf6 19.g3 g6 20.Qf3 Re8 21.Kd2 
Re4 22.h4 cxd4 23.cxd4 Rxd4+ 24.Ke1 Re4 25.c3 f4 26.gxf4 Rfxf4 27.Qd1 Qxa2
28.Rc2 Qc4 29.h5 Rh4 30.Kd2 Rxh1 31.Qxh1 Qd3+ 32.Kc1 Ra4 33.Kb1 Qb5+ 34.
Rb2 Qd3+ 35.Rc2 Qf1+ 36.Qxf1 Bxf1 37.Rc1 Bd3+ 38.Kb2 gxh5 39.Kb3 Ra5 40.
Rg1+ Kf7 41.Bd4 Bg6 42.Kb4 Rb5+ 43.Ka4 a6 44.f4 Ke6 45.Be5 Kf5 46.Rc1 h4 
47.c4 Rc5 48.Kb3 Rxc4 49.Rh1 Kg4 50.Rg1+ Kf3 51.Rh1 Kg3 52.f5+ Kg2 53.Rh2+
Kf3 54.fxg6 hxg6 55.Bf6 Kg3 56.Be5+ Kg4 57.Bf6 Kh5 58.Rg2 Rg4 59.Re2 h3 
60.Re8 Rg3+ 61.Kb4 Kg4 62.Rh8 Kf5 63.Bd8 g5 64.Bc7 Rg4+ 65.Kc5 Rc4+ 66.Kb6
g4 67.Kxa6 Ke4 68.Rf8 Ke3 69.Kb6 Rc2 70.Bg3 d4 71.Rf4 h2 72.Rf1 d3 73.Bf4+
Ke2 74.Rh1 Kf3 75.Bxh2 d2 76.Rg1 Kf2 0-1

[Event "28. Friedensfest-Open (AFRO-A)"]
[Site "Augsburg"]
[Date "2023.08.04"]
[Round "4.19"]
[White "Waibel, Manuel"]
[Black "Buth, Phillip"]
[Result "0-1"]
[WhiteElo "1815"]
[BlackElo "1669"]
[EventDate "2023.08.03"]
[Time "15:30:00"]
[WhiteTeam "Schachges. Augsburg 1873"]
[BlackTeam "SV Weingarten"]

1.e4 e6 2.d4 d5 3.Nc3 Bb4 4.e5 c5 5.a3 Bxc3+ 6.bxc3 Qa5 7.Bd2 Qa4 8.Qg4 
Ne7 9.Qxg7 Rg8 10.Qxh7 cxd4 11.Nf3 Nbc6 12.cxd4 Nxd4 13.Bd3 Nxf3+ 14.gxf3 
Qd4 15.Rb1 Qxe5+ 16.Kf1 Qf6 17.Qh5 b6 18.Ke2 Bb7 19.Rhg1 O-O-O 20.Rg5 Nc6 
21.Rbg1 Rh8 22.Qg4 Rxh2 23.c3 Ne5 24.Qg3 Nxd3 25.Qxh2 d4 26.c4 Qxf3+ 27.
Kf1 Qd1+ 0-1

[Event "28. Friedensfest-Open (AFRO-A)"]
[Site "Augsburg"]
[Date "2023.08.03"]
[Round "1.7"]
[White "Zill, Christoph"]
[Black "Hofbauer, Bernhard"]
[Result "1-0"]
[WhiteElo "2183"]
[BlackElo "1954"]
[EventDate "2023.08.03"]
[Time "09:30:00"]
[WhiteTeam "SK Freising"]
[BlackTeam "SK Tarrasch 1945 München"]

1.e4 e6 2.d4 d5 3.Nc3 Nf6 4.e5 Nfd7 5.f4 c5 6.Nf3 Nc6 7.Be3 f5 8.Be2 Be7 
9.O-O cxd4 10.Nxd4 Nxd4 11.Bxd4 Nb6 12.b3 Bd7 13.a4 a6 14.a5 Nc8 15.Na4 
O-O 16.c4 Bc6 17.Qd2 Qe8 18.Rfc1 Qg6 19.Bf3 Rd8 20.Qe3 Bf8 21.Kh1 Ne7 22.
Nb6 Rab8 23.Bc5 dxc4 24.Bxe7 Bxf3 25.Qxf3 Rd3 26.Qe2 Bxe7 27.bxc4 Rd4 28.
Rf1 Rbd8 29.Ra2 Qe8 30.g3 Qc6+ 31.Qg2 Re4 32.h3 Bb4 33.Rb1 Qc5 34.Qf2 Qxf2
35.Rxf2 Bxa5 36.c5 Be1 37.Rg2 Rd3 38.Nc8 Bxg3 39.Rxb7 Rc4 40.Nd6 Rc1+ 41.
Rg1 Rxg1+ 42.Kxg1 h6 43.c6 Bxf4 44.c7 Rc3 45.c8=Q+ Rxc8 46.Nxc8 Bxe5 47.
Ne7+ Kh7 48.Nc6 Bd6 49.Kg2 e5 50.Rd7 1-0

[Event "28. Friedensfest-Open (AFRO-A)"]
[Site "Augsburg"]
[Date "2023.08.06"]
[Round "7.12"]
[White "Doll, Luca Fabio"]
[Black "Soergel, Thomas"]
[Result "1-0"]
[WhiteElo "1757"]
[BlackElo "2019"]
[EventDate "2023.08.03"]
[Time "09:30:00"]
[WhiteTeam "TSV Langenau"]
[BlackTeam "SK Graefelfing"]

1.e4 e6 2.d4 d5 3.Nc3 Nf6 4.exd5 exd5 5.Bd3 Bd6 6.h3 O-O 7.Qf3 Re8+ 8.Nge2
Be6 9.O-O Nbd7 10.Bf4 Bxf4 11.Nxf4 Nf8 12.Rfe1 Qd7 13.Re5 c6 14.Rae1 Qd6 
15.a3 N6d7 16.R5e3 f6 17.Nxe6 Rxe6 18.Rxe6 Nxe6 19.Bxh7+ Kxh7 20.Qf5+ g6 
21.Qxe6 Qxe6 22.Rxe6 Rd8 23.Ne2 Kg7 24.g4 Kf7 25.Re3 b5 26.Kg2 Nb6 27.b3 
Nc8 28.Kg3 Nd6 29.f3 g5 30.Nc1 a5 31.Nd3 Nb7 32.f4 Nd6 33.Nc5 gxf4+ 34.
Kxf4 a4 35.bxa4 bxa4 36.Re6 Nb5 37.c3 Nxc3 38.Kf5 Nb5 39.Rxf6+ Ke7 40.Re6+
Kf7 41.Ke5 Nxa3 42.Rxc6 Nc4+ 43.Kf5 a3 44.Rc7+ Kg8 45.Ra7 Nd6+ 46.Kg6 Nb5 
47.Ra5 Nxd4 48.Rxa3 Rd6+ 49.Kg5 Nb5 50.Rb3 Nd4 51.Rd3 Nc6 52.Ne4 Nb4 53.
Rd4 Rb6 54.Nf6+ Kf7 55.Rf4 Ke6 56.h4 Nc6 57.h5 Ne5 58.h6 Nf7+ 59.Kg6 Ne5+ 
60.Kh5 Rb1 61.h7 Rh1+ 62.Kg5 Nf7+ 63.Kg6 Ra1 64.Kg7 Ra7 65.Nd7 Rxd7 66.
Rf6+ 1-0

[Event "28. Friedensfest-Open (AFRO-A)"]
[Site "Augsburg"]
[Date "2023.08.06"]
[Round "7.19"]
[White "Holuba, Stefan"]
[Black "Hofbauer, Bernhard"]
[Result "0-1"]
[WhiteElo "1757"]
[BlackElo "1954"]
[EventDate "2023.08.03"]
[Time "09:30:00"]
[WhiteTeam "SK Caissa Augsburg"]
[BlackTeam "SK Tarrasch 1945 Muenchen"]

1.e4 e6 2.d4 d5 3.Nc3 Nf6 4.Bg5 dxe4 5.Nxe4 Be7 6.Bxf6 Bxf6 7.Nxf6+ Qxf6 
8.Nf3 Nd7 9.Bd3 O-O 10.O-O c5 11.c3 cxd4 12.Nxd4 Nc5 13.Bxh7+ Kxh7 14.Qh5+
Kg8 15.Qxc5 b6 16.Qh5 Bb7 17.Rfe1 Rfd8 18.Re3 Rd5 19.Qh3 Rad8 20.Rae1 Rg5 
21.g3 Rdd5 22.Qh4 Qg6 23.f4 Rh5 24.Qe7 Rxh2 25.Qxb7 Qh5 26.Nf3 Rh1+ 27.Kf2
Rh2+ 28.Nxh2 Qxh2+ 29.Kf3 Qh5+ 30.g4 Qh3+ 31.Ke4 Qg2+ 32.Rf3 Qc2+ 33.Ke3 
Qd2+ 34.Ke4 f5+ 35.gxf5 exf5# 0-1

[Event "28. Friedensfest-Open (AFRO-A)"]
[Site "Augsburg"]
[Date "2023.08.06"]
[Round "7.33"]
[White "Kuehn, Marvin"]
[Black "Tsilighiris, Joerg"]
[Result "1/2-1/2"]
[WhiteElo "1669"]
[BlackElo "1780"]
[EventDate "2023.08.03"]
[Time "09:30:00"]
[WhiteTeam "SK Graefelfing"]
[BlackTeam "SC Roter Turm Altstadt"]

1.e4 g6 2.d4 Bg7 3.c4 d6 4.Nf3 c6 5.Nc3 Qc7 6.Be2 Nf6 7.O-O e5 8.Be3 Ng4 
9.Bg5 h6 10.Bh4 O-O 11.Bg3 Nd7 12.h3 Ngf6 13.c5 Nh5 14.cxd6 Qxd6 15.Bh2 
Nf4 16.Nxe5 Nxe2+ 17.Nxe2 Nxe5 18.dxe5 Qb4 19.Qc2 Be6 20.a3 Qb6 21.Qc3 
Rad8 22.Rad1 Bb3 23.Rd4 c5 24.Rxd8 Rxd8 25.Kh1 Qb5 26.Rc1 Rd1+ 27.Ng1 Rxc1
28.Qxc1 b6 29.Qd2 Be6 30.f4 Qa4 31.Qd3 Qb3 32.Qe2 Bc4 33.Qf2 Bd3 34.Qf3 
Qc2 35.Bg3 1/2-1/2

[Event "28. Friedensfest-Open (AFRO-A)"]
[Site "Augsburg"]
[Date "2023.08.03"]
[Round "2.12"]
[White "Heron, Andrew"]
[Black "Bilchinski, Anton"]
[Result "0-1"]
[WhiteElo "1852"]
[BlackElo "2245"]
[EventDate "2023.08.03"]
[Time "15:30:00"]
[WhiteTeam "SC Triesen"]
[BlackTeam "SC Eppingen"]

1.e4 g6 2.d4 Bg7 3.h4 h5 4.c3 d6 5.Bf4 Nf6 6.Qc2 Nc6 7.Nf3 Ng4 8.Na3 e5 9.
Bg5 f6 10.Bd2 Qe7 11.d5 Nd8 12.Nc4 Bd7 13.Bd3 c6 14.Ne3 Nxe3 15.Bxe3 cxd5 
16.exd5 f5 17.Bg5 Bf6 18.Be2 Nf7 19.Bd2 e4 20.Ng1 Bxh4 21.g3 Bf6 22.Nh3 
Ne5 23.Nf4 Kf7 24.O-O-O b5 25.Rh2 a5 26.Rdh1 b4 27.g4 Nxg4 28.Bxg4 fxg4 
29.Re1 Bf5 0-1

[Event "28. Friedensfest-Open (AFRO-A)"]
[Site "Augsburg"]
[Date "2023.08.04"]
[Round "4.24"]
[White "Merz, Andreas"]
[Black "Krien, Hartmut"]
[Result "0-1"]
[WhiteElo "1770"]
[BlackElo "1948"]
[EventDate "2023.08.03"]
[Time "15:30:00"]
[WhiteTeam "SC 74 Treuchtlingen"]
[BlackTeam "Schachklub Heidenau"]

1.e4 Nf6 2.e5 Nd5 3.Nc3 Nxc3 4.dxc3 Nc6 5.Bf4 g5 6.Bxg5 Nxe5 7.Nf3 Ng6 8.
Bc4 c6 9.Qe2 d5 10.Bd3 h6 11.Bxg6 hxg5 12.Bxf7+ Kxf7 13.O-O-O e6 14.c4 Bg7
15.Ne5+ Bxe5 16.Qxe5 Qf6 17.Qc7+ Kg6 18.Kb1 Rh7 19.Qg3 Qf4 20.Qd3+ Qf5 21.
Qg3 Bd7 22.Rhf1 Rf8 23.Rd3 Qf4 0-1

[Event "28. Friedensfest-Open (AFRO-A)"]
[Site "Augsburg"]
[Date "2023.08.03"]
[Round "2.10"]
[White "Trapp, Robert"]
[Black "Bossinger, Patrick"]
[Result "0-1"]
[WhiteElo "2089"]
[BlackElo "2003"]
[EventDate "2023.08.03"]
[Time "15:30:00"]
[WhiteTeam "SK Freising"]
[BlackTeam "SV Jedesheim 1921"]

1.f4 d5 2.Nf3 c5 3.e3 Nf6 4.b3 g6 5.Bb2 Bg7 6.Be2 O-O 7.Ne5 Nbd7 8.O-O Ne4
9.d3 Nd6 10.Bf3 Nf5 11.Qe2 Nxe5 12.fxe5 d4 13.Nd2 Nxe3 14.Rfc1 Bxe5 15.Nf1
Qc7 16.Re1 Rb8 17.Nxe3 dxe3 18.Bxe5 Qxe5 19.Qxe3 Qxe3+ 20.Rxe3 Be6 21.Rd1 
Rfd8 22.c3 Kf8 23.Kf2 b6 24.h3 Rd6 25.g4 Bd5 26.Bxd5 Rxd5 27.Ke2 h5 28.Rg1
h4 29.Rf1 Rbd8 30.Rff3 R8d7 31.Rf4 Kg7 32.Rfe4 e6 33.Rf3 Rg5 34.Ke3 f5 35.
gxf5 exf5 36.Rxh4 Rg2 37.Ra4 Re7+ 38.Kf4 g5+ 39.Kxf5 Rf7+ 40.Ke4 Re2+ 41.
Re3 Re7+ 0-1